[Event "BLR-ch sf"]
[Site "Minsk"]
[Date "2023.12.14"]
[Round "8"]
[White "Prakharenka, Raman"]
[Black "Ustiugov, Boris"]
[Result "1/2-1/2"]
[WhiteElo "1250"]
[BlackElo "1409"]
[PlyCount "86"]
[EventDate "2023.12.07"]
[EventType "swiss"]
[EventRounds "9"]
[EventCountry "BLR"]
[SourceTitle "CB51_2023"]
[SourceDate "2023.12.20"]
[SourceVersion "1"]
[SourceVersionDate "2023.12.20"]
[SourceQuality "1"]

1. d4 d5 2. Nf3 Nf6 3. c4 c6 4. e3 g6 5. Nc3 Bg7 6. Bd3 0-0 7. 0-0 Nbd7 8. b3 a6 9. Bb2 Re8 10. cxd5 cxd5 11. Rc1 b5 12. Qd2 Bb7 13. Qc2 Rc8 14. Qb1 Bh6 15. Ne2 Ne4 16. Rxc8 Qxc8 17. Rc1 Qb8 18. Bxe4 dxe4 19. Ne5 Nxe5 20. dxe5 Rc8 21. Rxc8+ Qxc8 22. Bd4 e6 23. h3 Bf8 24. Nc3 Qc6 25. b4 Be7 26. a3 Bf8 27. Kh1 Bg7 28. Qb2 Qc7 29. Ne2 Bd5 30. Kg1 h5 31. Qc3 Qb8 32. g3 Bc4 33. Nf4 Bh6 34. Bc5 Bxf4 35. exf4 Qd8 36. Bd6 Kh7 37. Qd4 Bd5 38. h4 Qc8 39. Bc5 Qc7 40. Kf1 Qc6 41. Qe3 Qc7 42. Ke1 Kg7 43. Qc3 Qc6 1/2-1/2

[Event "Minsk op"]
[Site "Minsk"]
[Date "2023.11.03"]
[Round "1"]
[White "Hakobyan, Menua"]
[Black "Prakharenka, Raman"]
[Result "1-0"]
[WhiteElo "1971"]
[BlackElo "1258"]
[PlyCount "63"]
[EventDate "2023.11.03"]
[EventType "swiss"]
[EventRounds "9"]
[EventCountry "BLR"]
[SourceTitle "CB46_2023"]
[SourceDate "2023.11.15"]
[SourceVersion "1"]
[SourceVersionDate "2023.11.15"]
[SourceQuality "1"]

1. d4 Nf6 2. Nf3 d5 3. c4 e6 4. Nc3 Be7 5. Bf4 c6 6. e3 0-0 7. c5 b6 8. b4 a5 9. a3 Ba6 10. Bxa6 Rxa6 11. 0-0 b5 12. bxa5 Qxa5 13. Na2 Nbd7 14. Nb4 Rfa8 15. Nxa6 Qxa6 16. Nd2 Nf8 17. Qc2 Ng6 18. Bg3 Qa4 19. Qxa4 Rxa4 20. Rfb1 h5 21. Rb4 Ra8 22. h3 Nd7 23. Nb3 e5 24. a4 exd4 25. exd4 bxa4 26. Raxa4 Re8 27. Rb7 Nf6 28. Rb8 Rxb8 29. Bxb8 Nd7 30. Bh2 Bf6 31. Bd6 Kh7 32. Ra6 1-0